书目信息 |
| 题名: |
少林护身暗器秘传
|
|
| 作者: | 素法 编著 | |
| 分册: | ||
| 出版信息: | 北京 北京体育大学出版社 1998 |
|
| 页数: | 478页 | |
| 开本: | 20cm | |
| 丛书名: | 少林功夫丛书 | |
| 单 册: | ||
| 中图分类: | G852.2 | |
| 科图分类: | ||
| 主题词: | 少林寺--器械术(武术) , 少林寺 , 器械术(武术) | |
| 电子资源: | ||
| ISBN: | 7-81051-268-4 | |
| 000 | 00789oam2 2200289 45 | |
| 001 | 1130677546 | |
| 005 | 20110310095130.79 | |
| 010 | @a7-81051-268-4@dCNY29.80 | |
| 100 | @a20110123e19991998em y0chiy0110 ea | |
| 101 | 0 | @achi |
| 102 | @aCN@b110000 | |
| 105 | @aa z 000yy | |
| 106 | @ar | |
| 200 | 1 | @a少林护身暗器秘传@AShao Lin Hu Shen An Qi Mi Chuan@f素法等编著@FSu Fa Deng Bian Zhu |
| 205 | @a2版 | |
| 210 | @a北京@c北京体育大学出版社@d1998@h1999 | |
| 215 | @a478页@c图@d20cm | |
| 225 | 2 | @a少林功夫丛书 |
| 461 | 0 | @12001@@a少林功夫丛书 |
| 606 | 0 | @a少林寺@x器械术(武术) |
| 606 | 0 | @a少林寺 |
| 606 | 0 | @a器械术(武术) |
| 610 | 0 | @a暗器 |
| 690 | @aG852.2@v4 | |
| 701 | 0 | @a素法@ASu Fa@4编著 |
| 801 | 0 | @aCN@bTANGWEI@c20110310 |
| 905 | @b0531158-60@dG852.2@e207=2@f3 | |
| 少林护身暗器秘传/素法等编著.-2版.-北京:北京体育大学出版社,1998(1999) |
| 478页:图;20cm.-(少林功夫丛书) |
| ISBN 7-81051-268-4:CNY29.80 |
| ● |
| 相关链接 |
|
|
|
|
正题名:少林护身暗器秘传
索取号:G852.2/207=2
 
预约/预借
| 序号 | 登录号 | 条形码 | 馆藏地/架位号 | 状态 | 备注 |
| 1 | 0531158 | 205311580 | 第一样本阅览室/ [索取号:G852.2/207=2] | 在馆 | |
| 2 | 0531159 | 205311599 | 第四借阅区/ [索取号:G852.2/207=2] | 在馆 | |
| 3 | 0531160 | 205311606 | 密集书库-体育系/ [索取号:G852.2/207=2] | 在馆 |